000 00653nam a2200193 i 4500
001 81508
003 ES-MaACL
005 20230906174442.0
007 t|
008 041104s1932 sp ||||1| spa d
100 1 _aHurtado y J. de la Serna, Juan.
_9153193
245 1 0 _aHistoria de la Literatura española /
_cpor Juan Hurtado y Jiménez de la Serna y Angel González Palencia.
250 _a3ª ed., corr. y aum.
260 _aMadrid :
_b[s.n.],
_c1932 (
_fTip. de Archivos)
300 _aXVI, 1140 p. ;
_c25 cm.
700 1 _aGonzález Palencia, Ángel,
_d1889-1949
_958854
852 _aES-MaACL
_jA-4934
_bR.16901
999 _c81508
_d81508